书目信息 |
| 题名: |
广告心理学
|
|
| 作者: | 尤建新 编著 | |
| 分册: | ||
| 出版信息: | 北京 中国建筑工业出版社 1997.06 |
|
| 页数: | 161页 | |
| 开本: | 32开 | |
| 丛书名: | ||
| 单 册: | ||
| 中图分类: | F713.80 | |
| 科图分类: | ||
| 主题词: | 商业经济--国内 | |
| 电子资源: | ||
| ISBN: | 7-112-03217-2 | |
| 000 | 00559nam0 2200193 45 | |
| 001 | 0011230839 | |
| 005 | 20010104161135.4 | |
| 010 | @a7-112-03217-2@d18.00元 | |
| 100 | @a20001123d1997 km y0chiy0120 ea | |
| 101 | 0 | @achi |
| 105 | @a z 000yy | |
| 200 | 1 | @a广告心理学@AGuang Gao Xin Li Xue@f尤建新等编著@FYou Jian Xin Deng Bian Zhu |
| 210 | @a北京@c中国建筑工业出版社@d1997.06 | |
| 215 | @a161页@d32开 | |
| 606 | 0 | @a商业经济@x国内 |
| 690 | @aF713.80@v3 | |
| 701 | 0 | @a尤建新@4编著 |
| 801 | @aCN@bPftUser@c20001123 | |
| 905 | @dF713.80@eY889@b518195-199@f5 | |
| 广告心理学/尤建新等编著.-北京:中国建筑工业出版社,1997.06 |
| 161页;32开 |
| ISBN 7-112-03217-2:18.00元 |
| ● |
| 相关链接 |
|
|
|
正题名:广告心理学
索取号:F713.80/Y889
 
预约/预借
| 序号 | 登录号 | 条形码 | 馆藏地/架位号 | 状态 | 备注 |
| 1 | 518195 | 205181952 | 社科二线422/422社科库 47排1列1层/ [索取号:F713.80/Y889] | 在馆 | |
| 2 | 518196 | 205181961 | 社科库409/409社科库 44排6列4层/ [索取号:F713.80/Y889] | 在馆 | |
| 3 | 518197 | 205181970 | 社科库409/400B社科库 3排1列1层/ [索取号:F713.80/Y889] | 在馆 | |
| 4 | 518198 | 205181989 | 社科库409/409社科库 44排6列4层/ [索取号:F713.80/Y889] | 在馆 | |
| 5 | 518199 | 205181998 | 社科库409/400B社科库 2排3列3层/ [索取号:F713.80/Y889] | 在馆 |